[Event "Czech Open GM 2019"]
[Site "Pardubice"]
[Date "2019.07.19"]
[Round "1.12"]
[White "Demidov, Mikhail"]
[Black "Grieve, Harry"]
[Result "1-0"]
[WhiteElo "2546"]
[BlackElo "2235"]
[Annotator "ChessBase"]
[PlyCount "105"]
[EventDate "2019.07.19"]
[EventType "swiss"]
[EventCountry "CZE"]
[SourceTitle "playchess.com"]
[Source "ChessBase"]
[SourceQuality "1"]

1. d4 d5 2. c4 e6 3. Nc3 c6 4. e4 dxe4 5. Nxe4 Bb4+ 6. Nc3 c5 7. Nf3 Nf6 8. Be3 Nc6 9. Rc1 O-O 10. a3 Bxc3+ 11. Rxc3 Ne4 12. Rd3 Qa5+ 13. Bd2 Nxd2 14. Qxd2 Qxd2+ 15. Kxd2 cxd4 16. Nxd4 Nxd4 17. Rxd4 e5 18. Rd6 Be6 19. Be2 Rfd8 20. Rxd8+ Rxd8+ 21. Kc3 Kf8 22. Re1 f6 23. Bd3 Kf7 24. g3 g6 25. b4 Bf5 26. Bf1 g5 27. c5 h5 28. a4 Rd4 29. Be2 Ke7 30. Rd1 Rxd1 31. Bxd1 g4 32. Bb3 Be4 33. b5 f5 34. Bc4 Bg2 35. a5 f4 36. b6 axb6 37. cxb6 Kd6 38. Bf7 Kc5 39. gxf4 exf4 40. Bxh5 g3 41. hxg3 fxg3 42. fxg3 Kb5 43. Kd4 Kxa5 44. Kc5 Be4 45. Be2 Bg6 46. g4 Be4 47. Bc4 Bg6 48. Be6 Be8 49. Bf5 Bf7 50. g5 Ka6 51. g6 Bb3 52. Bd3+ Ka5 53. Bc4 1-0

[Event "Czech Open GM 2019"]
[Site "Pardubice"]
[Date "2019.07.19"]
[Round "1.12"]
[White "Bagi, Mate"]
[Black "Gombocz, Ferenc Jr."]
[Result "1/2-1/2"]
[WhiteElo "2459"]
[BlackElo "2210"]
[Annotator "ChessBase"]
[PlyCount "95"]
[EventDate "2019.07.19"]
[EventType "swiss"]
[EventCountry "CZE"]
[SourceTitle "playchess.com"]
[Source "ChessBase"]
[SourceQuality "1"]

1. e4 e5 2. Nf3 Nc6 3. Nc3 Nf6 4. Bb5 Bd6 5. a3 O-O 6. d3 Nd4 7. Bc4 c6 8. h3 h6 9. Ba2 Bc7 10. Be3 Ne6 11. d4 exd4 12. Nxd4 Nxd4 13. Qxd4 Qe7 14. O-O-O Be5 15. Qd3 Bxc3 16. Qxc3 Nxe4 17. Qd3 d5 18. f3 Nc5 19. Qd2 Bf5 20. g4 Bg6 21. h4 Ne6 22. h5 Bh7 23. Rhg1 Rfe8 24. Rde1 Qf6 25. Qf2 d4 26. Bd2 Rad8 27. f4 Nc5 28. Qh2 Rxe1+ 29. Rxe1 Qd6 30. Qg2 Ne6 31. Re5 d3 32. c3 Nc5 33. g5 hxg5 34. Rxg5 Qf8 35. h6 g6 36. f5 Kh8 37. fxg6 Bxg6 38. Re5 Kh7 39. b4 Nd7 40. Re1 Re8 41. Rf1 Re2 42. Qg5 f6 43. Qf4 Qe7 44. Qg4 Ne5 45. Qf4 Nd7 46. Qg4 Ne5 47. Qf4 Nd7 48. Qg4 1/2-1/2

[Event "Czech Open GM 2019"]
[Site "Pardubice"]
[Date "2019.07.19"]
[Round "1.13"]
[White "Svanda, Ondrej"]
[Black "Lintchevski, Daniil"]
[Result "1/2-1/2"]
[WhiteElo "2234"]
[BlackElo "2534"]
[Annotator "TA"]
[PlyCount "186"]
[EventDate "2019.07.19"]
[EventType "swiss"]
[EventCountry "CZE"]
[SourceTitle "playchess.com"]
[Source "ChessBase"]
[SourceQuality "1"]

1. c4 c5 2. g3 g6 3. Bg2 Bg7 4. Nc3 Nc6 5. Nf3 e6 6. e3 Nge7 7. d4 cxd4 8. Nxd4 d5 9. cxd5 exd5 10. Nce2 O-O 11. O-O Qb6 12. b3 Bg4 13. Bb2 Nxd4 14. exd4 Rfe8 15. Qd2 Bxe2 16. Qxe2 Nf5 17. Qd2 Bxd4 18. Rad1 Bxb2 19. Qxb2 d4 20. g4 Nh4 21. Qxd4 Nxg2 22. Kxg2 Qa5 23. a4 Rad8 24. Qf4 Kg7 25. Qf3 Qb4 26. Rxd8 Rxd8 27. Rd1 Rd4 28. Rxd4 Qxd4 29. Kg3 b6 30. h3 Qa1 31. Kg2 Qe5 32. Qc6 Qd4 33. Qf3 h6 34. Kg3 Qa1 35. Kg2 Qe5 36. Qc6 Qd4 37. Qf3 Qc5 38. Kg3 a6 39. Qb7 a5 40. Qf3 Qd4 41. Qf4 Qa1 42. Kg2 Qc3 43. Qf3 Qd4 44. Kg3 g5 45. Kg2 Qd6 46. Qe4 Kf6 47. Qb7 Qe6 48. Qf3+ Ke5 49. Qe3+ Kd5 50. Qd3+ Kc5 51. Qc3+ Kd6 52. Kf1 Qe5 53. Qc8 Qf6 54. Qf8+ Kd5 55. Qe8 Qe6 56. Qh8 Qc6 57. Qh7 Qg6 58. Qh8 Qb1+ 59. Kg2 Qe4+ 60. Kg1 Qe6 61. Qc3 Kd6 62. Kf1 Qe5 63. Qc8 Qf6 64. Qf8+ Kd7 65. Qb8 Qc6 66. Qa7+ Ke6 67. Kg1 Qd6 68. Qa8 Qd1+ 69. Kh2 Qxb3 70. Qc6+ Ke7 71. Qxh6 Qxa4 72. Qxg5+ f6 73. Qe3+ Kf7 74. Qxb6 Qf4+ 75. Kg2 Qe4+ 76. Kh2 a4 77. Kg3 Qd3+ 78. f3 a3 79. h4 Qc3 80. Qa7+ Ke6 81. h5 Qe1+ 82. Kh3 Qh1+ 83. Kg3 Qe1+ 84. Kh3 Qc1 85. Kg3 Qb2 86. h6 a2 87. h7 a1=Q 88. Qxa1 Qxa1 89. h8=Q Qe1+ 90. Kg2 Qe2+ 91. Kg3 Qe1+ 92. Kg2 Qe2+ 93. Kg3 Qe1+ 1/2-1/2

[Event "Czech Open GM 2019"]
[Site "Pardubice"]
[Date "2019.07.19"]
[Round "1.13"]
[White "Lehmann, Holger"]
[Black "Hrabusa, Matej"]
[Result "1/2-1/2"]
[WhiteElo "2165"]
[BlackElo "2397"]
[Annotator "NA"]
[PlyCount "52"]
[EventDate "2019.07.19"]
[EventType "swiss"]
[EventCountry "CZE"]
[SourceTitle "playchess.com"]
[Source "ChessBase"]
[SourceQuality "1"]

1. d4 d5 2. c4 e6 3. Nc3 Bb4 4. a3 Bxc3+ 5. bxc3 c6 6. e3 Nf6 7. Bd3 O-O 8. Ne2 b6 9. O-O Ba6 10. cxd5 cxd5 11. Bxa6 Nxa6 12. Ng3 Qc7 13. Bd2 Nb8 14. Qe2 Nbd7 15. f3 e5 16. e4 Rfe8 17. Qb5 a6 18. Qb3 Rac8 19. Rac1 Qc4 20. Qxc4 Rxc4 21. Nf5 Ra4 22. exd5 Nxd5 23. c4 N5f6 24. c5 bxc5 25. dxc5 Nd5 26. c6 N7b6 1/2-1/2

[Event "Czech Open GM 2019"]
[Site "Pardubice"]
[Date "2019.07.19"]
[Round "1.14"]
[White "Noe, Christopher"]
[Black "Sramek, Vojtech"]
[Result "1-0"]
[WhiteElo "2534"]
[BlackElo "2233"]
[Annotator "ChessBase"]
[PlyCount "71"]
[EventDate "2019.07.19"]
[EventType "swiss"]
[EventCountry "CZE"]
[SourceTitle "playchess.com"]
[Source "ChessBase"]
[SourceQuality "1"]

1. d4 Nf6 2. c4 e6 3. Nc3 Bb4 4. e3 O-O 5. Nge2 Re8 6. a3 Bf8 7. d5 a5 8. Ng3 Na6 9. Bd3 Nc5 10. Bc2 d6 11. O-O exd5 12. cxd5 b5 13. Nxb5 Ba6 14. a4 Rb8 15. Ne2 Nxa4 16. Bxa4 Bxb5 17. Bxb5 Rxb5 18. Nc3 Rc5 19. Ra4 c6 20. dxc6 Qc7 21. Bd2 Rb8 22. Qa1 Qxc6 23. Rb1 Ra8 24. b4 axb4 25. Rxa8 bxc3 26. Be1 c2 27. Rc1 Rg5 28. g3 Ng4 29. Qa4 Rc5 30. Qxc6 Rxc6 31. Ra3 Ne5 32. Kg2 d5 33. Rc3 Nc4 34. e4 Bb4 35. exd5 Rc8 36. R3xc2 1-0

[Event "Czech Open GM 2019"]
[Site "Pardubice"]
[Date "2019.07.19"]
[Round "1.14"]
[White "Bruedigam, Martin"]
[Black "Singh, S. Vikramjit"]
[Result "1/2-1/2"]
[WhiteElo "2395"]
[BlackElo "2164"]
[Annotator "NA"]
[PlyCount "121"]
[EventDate "2019.07.19"]
[EventType "swiss"]
[EventCountry "CZE"]
[SourceTitle "playchess.com"]
[Source "ChessBase"]
[SourceQuality "1"]

1. e4 c5 2. Nf3 d6 3. Bb5+ Bd7 4. Bxd7+ Qxd7 5. O-O Nf6 6. Qe2 Nc6 7. Rd1 e6 8. d4 cxd4 9. Nxd4 Be7 10. c4 Nxd4 11. Rxd4 Qc6 12. Nc3 Nd7 13. Rd1 a6 14. b3 Bf6 15. Bb2 O-O 16. Qd2 Nc5 17. f3 b5 18. b4 Nb7 19. cxb5 Qb6+ 20. Kh1 axb5 21. a4 bxa4 22. Nxa4 Qd8 23. Bd4 h6 24. h3 Qe7 25. Nb6 Rxa1 26. Rxa1 Bxd4 27. Qxd4 Qc7 28. Nc4 Rc8 29. Na5 Ra8 30. Nxb7 Rxa1+ 31. Qxa1 Qxb7 32. Qa5 Qc6 33. Kh2 d5 34. exd5 Qd6+ 35. Kg1 exd5 36. b5 d4 37. Qa8+ Kh7 38. Qe4+ g6 39. Qd3 Qc5 40. Kf2 Kg7 41. Ke2 Qb4 42. f4 f5 43. Kf2 Qd6 44. g3 Qc5 45. Ke2 Kf6 46. Qb3 Qe7+ 47. Kd2 Qe4 48. b6 Qg2+ 49. Kd3 Qe4+ 50. Kd2 Qg2+ 51. Kc1 Qf1+ 52. Qd1 Qc4+ 53. Qc2 Qf1+ 54. Kd2 Qg2+ 55. Kc1 Qf1+ 56. Kb2 Qb5+ 57. Qb3 Qe2+ 58. Kc1 Qe1+ 59. Kb2 Qe2+ 60. Ka3 Qa6+ 61. Kb2 1/2-1/2

[Event "Czech Open GM 2019"]
[Site "Pardubice"]
[Date "2019.07.19"]
[Round "1.15"]
[White "Gheng, Josef"]
[Black "Deepan Chakkravarthy J."]
[Result "1/2-1/2"]
[WhiteElo "2229"]
[BlackElo "2532"]
[Annotator "ChessBase"]
[PlyCount "104"]
[EventDate "2019.07.19"]
[EventType "swiss"]
[EventCountry "CZE"]
[SourceTitle "playchess.com"]
[Source "ChessBase"]
[SourceQuality "1"]

1. c4 g6 2. Nc3 Bg7 3. g3 e5 4. Bg2 Ne7 5. d3 O-O 6. e4 c6 7. Nge2 Na6 8. O-O d6 9. Be3 Be6 10. f4 Qd7 11. b3 d5 12. fxe5 Bxe5 13. d4 Bg7 14. cxd5 cxd5 15. e5 Rac8 16. Rc1 Rc7 17. Qd2 Rfc8 18. Bh6 Bxh6 19. Qxh6 b5 20. Qd2 b4 21. Na4 Bf5 22. Rxc7 Rxc7 23. Rc1 Be4 24. Rxc7 Qxc7 25. Bxe4 dxe4 26. Nb2 Nd5 27. Nc4 Qd7 28. Nd6 e3 29. Qd3 Nac7 30. Kg2 Qc6 31. Kg1 Ne6 32. Ne4 a5 33. Qc4 Qxc4 34. bxc4 Nb6 35. d5 Nxc4 36. dxe6 fxe6 37. Nd4 Nxe5 38. Nc5 Kf7 39. Kf1 Ke7 40. Ke2 Kd6 41. Ndb3 Kd5 42. h3 Nc4 43. Nd3 e5 44. Na1 e4 45. Nf4+ Kd4 46. Nb3+ Kc3 47. Nd5+ Kb2 48. Nxa5 Nxa5 49. Nxb4 Nc4 50. Nd5 Kxa2 51. Nxe3 Kb3 52. Nd5 Nd6 1/2-1/2

[Event "Czech Open GM 2019"]
[Site "Pardubice"]
[Date "2019.07.19"]
[Round "1.15"]
[White "Zhukenov, Aituar"]
[Black "Rakesh Kumar Jena"]
[Result "1-0"]
[WhiteElo "2164"]
[BlackElo "2395"]
[Annotator "NA"]
[PlyCount "115"]
[EventDate "2019.07.19"]
[EventType "swiss"]
[EventCountry "CZE"]
[SourceTitle "playchess.com"]
[Source "ChessBase"]
[SourceQuality "1"]

1. e4 c6 2. d4 g6 3. Nc3 Bg7 4. Be3 d5 5. Nf3 dxe4 6. Nxe4 Bf5 7. Ng3 Bg4 8. Be2 Nf6 9. O-O Nd5 10. Bc1 Qc7 11. h3 Bc8 12. Re1 O-O 13. c4 Nb6 14. Bf1 Rd8 15. Qc2 Be6 16. Bd2 a5 17. a4 N8d7 18. b3 Nf8 19. Bc3 Nc8 20. Rad1 Nd6 21. Ne5 Nf5 22. Nxf5 Bxf5 23. Qb2 h5 24. d5 cxd5 25. cxd5 Nd7 26. Nxg6 Qxc3 27. Nxe7+ Kh7 28. Qxc3 Bxc3 29. Nxf5 Bxe1 30. Rxe1 Nc5 31. Bc4 Re8 32. Rd1 Rad8 33. g4 Re5 34. Kg2 Kg6 35. f4 Ree8 36. Kf3 hxg4+ 37. hxg4 Rh8 38. Kg2 Kf6 39. d6 Ne6 40. Kg3 Ng7 41. Nh6 Rxh6 42. g5+ Kg6 43. Bd3+ f5 44. gxh6 Kxh6 45. Bc4 Kg6 46. Rd5 Nh5+ 47. Kf3 Nf6 48. Rd4 Ne4 49. d7 Kf6 50. Rd5 b6 51. Ke3 Ke7 52. Rxf5 Nd6 53. Re5+ Kxd7 54. f5 Rh8 55. Bd5 Rh4 56. f6 Rh6 57. Re7+ Kd8 58. Re6 1-0

[Event "Czech Open GM 2019"]
[Site "Pardubice"]
[Date "2019.07.19"]
[Round "1.16"]
[White "Gazik, Viktor"]
[Black "Bykova, Anastasia"]
[Result "1/2-1/2"]
[WhiteElo "2525"]
[BlackElo "2229"]
[Annotator "ChessBase"]
[PlyCount "125"]
[EventDate "2019.07.19"]
[EventType "swiss"]
[EventCountry "CZE"]
[SourceTitle "playchess.com"]
[Source "ChessBase"]
[SourceQuality "1"]

1. e4 c6 2. d4 d5 3. exd5 cxd5 4. Bd3 Nc6 5. c3 Nf6 6. Bf4 Bg4 7. Qb3 Qc8 8. Nd2 e6 9. Ngf3 Be7 10. Ne5 Bh5 11. O-O Nxe5 12. Bxe5 O-O 13. h3 Bg6 14. Be2 Ne4 15. Nf3 Nd6 16. a4 Nc4 17. Rfe1 Nxe5 18. Nxe5 Bd6 19. Bf3 Qc7 20. h4 Bxe5 21. Rxe5 h6 22. g4 a6 23. Kg2 Rab8 24. Qa3 Rfc8 25. a5 b6 26. axb6 Rxb6 27. Re3 Qf4 28. Rae1 a5 29. h5 Bc2 30. Kh3 Rcb8 31. Qxa5 Rxb2 32. R1e2 R2b5 33. Qa1 Rb1 34. Qa7 Be4 35. Bxe4 dxe4 36. Rg3 Qc1 37. Rg2 Qxc3+ 38. Re3 Qc6 39. Qc5 Qd5 40. Kh2 Rd1 41. g5 Rxd4 42. Qc7 Qb7 43. Qc3 Qd5 44. Qc7 Qb7 45. Qf4 Rd5 46. gxh6 Rxh5+ 47. Rh3 Rxh3+ 48. Kxh3 g6 49. Qf6 Qb2 50. h7+ Kxh7 51. Qxf7+ Qg7 52. Qxe6 Qh6+ 53. Kg3 Qg5+ 54. Kh2 Qf4+ 55. Kh3 Qh6+ 56. Kg3 Qg5+ 57. Kh2 Qh4+ 58. Qh3 Qxh3+ 59. Kxh3 Rb3+ 60. Rg3 Rb4 61. Re3 g5 62. Kg3 Kg6 63. f3 1/2-1/2

[Event "Czech Open GM 2019"]
[Site "Pardubice"]
[Date "2019.07.19"]
[Round "1.16"]
[White "Kosakowski, Jakub"]
[Black "ter Stal, Rainer"]
[Result "0-1"]
[WhiteElo "2394"]
[BlackElo "2155"]
[Annotator "NA"]
[PlyCount "92"]
[EventDate "2019.07.19"]
[EventType "swiss"]
[EventCountry "CZE"]
[SourceTitle "playchess.com"]
[Source "ChessBase"]
[SourceQuality "1"]

1. d4 f5 2. g3 Nf6 3. Bg2 g6 4. Nh3 Bg7 5. O-O O-O 6. c4 e6 7. Qc2 d6 8. Rd1 c6 9. b3 Qc7 10. Nc3 a5 11. Bb2 Na6 12. Rac1 e5 13. d5 c5 14. e3 Qe7 15. Qd2 Nc7 16. f4 e4 17. Na4 Nd7 18. Bxg7 Kxg7 19. Ng5 Ra6 20. Nc3 Nf6 21. a3 h6 22. Nh3 Bd7 23. Bf1 Be8 24. Qb2 Kh7 25. b4 axb4 26. axb4 Nd7 27. b5 Ra8 28. Nf2 g5 29. Be2 Rg8 30. Kh1 Nf6 31. Rf1 Qg7 32. fxg5 hxg5 33. g4 Bg6 34. gxf5 Bxf5 35. Qc2 Qg6 36. Kg1 Rae8 37. Nh1 Bh3 38. Rxf6 Qxf6 39. Nxe4 Rxe4 40. Qxe4+ Kg7 41. Ng3 Kh6 42. Bd3 Rg7 43. b6 Na8 44. Qe8 Rf7 45. Ne4 Qb2 46. Bf1 Rxf1+ 0-1

[Event "Czech Open GM 2019"]
[Site "Pardubice"]
[Date "2019.07.19"]
[Round "1.17"]
[White "Hrdina, Robin"]
[Black "Dvoirys, Semen I."]
[Result "1/2-1/2"]
[WhiteElo "2229"]
[BlackElo "2505"]
[Annotator "ChessBase"]
[PlyCount "133"]
[EventDate "2019.07.19"]
[EventType "swiss"]
[EventCountry "CZE"]
[SourceTitle "playchess.com"]
[Source "ChessBase"]
[SourceQuality "1"]

1. e4 c5 2. Nf3 Nc6 3. d4 cxd4 4. Nxd4 e6 5. Nc3 a6 6. g3 Qc7 7. Bg2 Nf6 8. O-O Be7 9. Re1 O-O 10. Nxc6 bxc6 11. e5 Nd5 12. Nb1 f6 13. c4 Nb6 14. Bf4 fxe5 15. Bxe5 d6 16. Bc3 Nxc4 17. Qd4 Ne5 18. f4 c5 19. Qe4 Rb8 20. fxe5 d5 21. Qc2 c4 22. Bd4 Bc5 23. Bxc5 Qxc5+ 24. Kh1 Qb4 25. Nc3 Qxb2 26. Qxb2 Rxb2 27. Rf1 Rd8 28. Rab1 Rc2 29. Rbc1 Rb2 30. Kg1 a5 31. Rf2 Rb7 32. Rd2 Kf8 33. Ne4 Ke7 34. Nd6 Rc7 35. Rf2 Rxd6 36. exd6+ Kxd6 37. Rd2 Ba6 38. Kf2 Kc5 39. Ke3 g5 40. Rd4 Bb7 41. Rb1 Bc6 42. Rg4 h6 43. h4 gxh4 44. Rxh4 e5 45. Ke2 Rg7 46. Kf2 Rf7+ 47. Ke2 Rf6 48. Rh5 e4 49. Ke3 c3 50. Rc1 Kb4 51. Kd4 Rf2 52. Rb1+ Rb2 53. Rhh1 a4 54. Rhc1 a3 55. Rxc3 Rxb1 56. Rxc6 Rd1+ 57. Ke3 Rd3+ 58. Kf4 Rd2 59. Bh3 Rxa2 60. Rxh6 Rh2 61. Rb6+ Ka5 62. Rd6 a2 63. Rxd5+ Kb4 64. Rd4+ Ka3 65. Bd7 a1=Q 66. Ra4+ Kb2 67. Kxe4 1/2-1/2

[Event "Czech Open GM 2019"]
[Site "Pardubice"]
[Date "2019.07.19"]
[Round "1.17"]
[White "Niedbala, Bartlomiej"]
[Black "Barua, Dibyendu"]
[Result "0-1"]
[WhiteElo "2152"]
[BlackElo "2393"]
[Annotator "NA"]
[PlyCount "84"]
[EventDate "2019.07.19"]
[EventType "swiss"]
[EventCountry "CZE"]
[SourceTitle "playchess.com"]
[Source "ChessBase"]
[SourceQuality "1"]

1. e4 e6 2. d4 d5 3. Nd2 Nf6 4. e5 Nfd7 5. c3 c5 6. f4 Nc6 7. Ndf3 cxd4 8. cxd4 Qb6 9. g3 Bb4+ 10. Kf2 g5 11. fxg5 Ndxe5 12. Nxe5 Nxe5 13. Kg2 Nc6 14. Nf3 Bf8 15. Qb3 Bg7 16. Qxb6 axb6 17. Bb5 Bd7 18. Rd1 Nb4 19. Bxd7+ Kxd7 20. a3 Rhc8 21. Rb1 Rc2+ 22. Kh3 Nc6 23. Rd3 Rh8 24. g4 Re2 25. Re3 Rf2 26. Kg3 Rc2 27. Rc3 Re2 28. Re3 Rxe3 29. Bxe3 Ra8 30. Rd1 Ra4 31. Rd3 b5 32. b4 Ra8 33. Rc3 e5 34. dxe5 Nxe5 35. Bd4 Nxf3 36. Bxg7 Nxg5 37. Kh4 Ne4 38. Rf3 Ke6 39. Kh5 f6 40. h4 Rg8 41. Kh6 Kf7 42. h5 Rxg7 0-1

[Event "Czech Open GM 2019"]
[Site "Pardubice"]
[Date "2019.07.19"]
[Round "1.18"]
[White "Zanan, Evgeny"]
[Black "Moksh Amit Doshi"]
[Result "1/2-1/2"]
[WhiteElo "2505"]
[BlackElo "2229"]
[Annotator "ChessBase"]
[PlyCount "107"]
[EventDate "2019.07.19"]
[EventType "swiss"]
[EventCountry "CZE"]
[SourceTitle "playchess.com"]
[Source "ChessBase"]
[SourceQuality "1"]

1. d4 Nf6 2. c4 e6 3. Nc3 Bb4 4. e3 O-O 5. Bd3 d5 6. Nf3 dxc4 7. Bxc4 c5 8. O-O cxd4 9. exd4 b6 10. Bg5 Bb7 11. Qe2 Bxc3 12. bxc3 Nbd7 13. Bd3 Qc7 14. Bd2 Rac8 15. Rfe1 Qd6 16. Rad1 Nd5 17. Ng5 N7f6 18. Ne4 Nxe4 19. Qxe4 f5 20. Qxe6+ Qxe6 21. Rxe6 Nxc3 22. Rde1 Ne4 23. Bf4 Bd5 24. Re7 Bc4 25. Bxc4+ Rxc4 26. Rxa7 Rf7 27. Ra8+ Rf8 28. Ra7 Rf7 29. Ra8+ Rf8 30. Rxf8+ Kxf8 31. f3 Nc3 32. Bd6+ Kf7 33. Re7+ Kf6 34. Rb7 Rxd4 35. Rxb6 Kg5 36. Be5 Rd1+ 37. Kf2 Rd2+ 38. Ke3 Re2+ 39. Kd3 Rxe5 40. Kxc3 Re3+ 41. Kd2 Ra3 42. Rb2 h5 43. Kc1 h4 44. Rf2 Kf4 45. Kb2 Ra6 46. h3 g5 47. a3 Kg3 48. Re2 f4 49. Kb3 g4 50. fxg4 f3 51. gxf3 Kxh3 52. a4 Kg3 53. Kb4 Kxf3 54. Rh2 1/2-1/2

[Event "Czech Open GM 2019"]
[Site "Pardubice"]
[Date "2019.07.19"]
[Round "1.18"]
[White "De Rover, Yong Hoon"]
[Black "Sapale Saloni"]
[Result "1-0"]
[WhiteElo "2391"]
[BlackElo "2151"]
[Annotator "NA"]
[PlyCount "105"]
[EventDate "2019.07.19"]
[EventType "swiss"]
[EventCountry "CZE"]
[SourceTitle "playchess.com"]
[Source "ChessBase"]
[SourceQuality "1"]

1. Nf3 Nf6 2. c4 g6 3. Nc3 d5 4. cxd5 Nxd5 5. e4 Nxc3 6. dxc3 Qxd1+ 7. Kxd1 f6 8. Kc2 e5 9. Be3 Be6 10. Be2 Nd7 11. b4 c5 12. b5 Be7 13. Nd2 Kf7 14. a4 Bd8 15. a5 Bc7 16. Nc4 b6 17. Ra3 Ke7 18. Rha1 Bxc4 19. Bxc4 bxa5 20. Bd5 Rad8 21. Bc6 Bb6 22. c4 Nb8 23. Bd5 Rc8 24. Bd2 Nd7 25. Bxa5 Rc7 26. Bd2 Nf8 27. f4 Ne6 28. fxe5 Nd4+ 29. Kb2 fxe5 30. Bg5+ Kd7 31. Rf1 Kc8 32. Rf6 Re8 33. Ra1 Rce7 34. Bf7 Rh8 35. Bh6 Rd8 36. Bd5 Kc7 37. Bg5 Red7 38. Rf7 Re8 39. Raf1 h5 40. h4 Kc8 41. Rxd7 Kxd7 42. Bf7 Rf8 43. Bh6 Rb8 44. Bd5 Re8 45. Bf8 Rb8 46. Bg7 Re8 47. Rf7+ Kc8 48. Bf6 Bc7 49. Be7 Bb6 50. Bd6 Ne2 51. Bb7+ Kd8 52. Bc6 Rg8 53. Rb7 1-0

[Event "Czech Open GM 2019"]
[Site "Pardubice"]
[Date "2019.07.19"]
[Round "1.19"]
[White "Lorscheid, Gerhard"]
[Black "Belyakov, Bogdan"]
[Result "0-1"]
[WhiteElo "2228"]
[BlackElo "2500"]
[Annotator "ChessBase"]
[PlyCount "62"]
[EventDate "2019.07.19"]
[EventType "swiss"]
[EventCountry "CZE"]
[SourceTitle "playchess.com"]
[Source "ChessBase"]
[SourceQuality "1"]

1. d4 Nf6 2. c4 g6 3. Nc3 Bg7 4. e4 d6 5. f3 O-O 6. Nge2 c5 7. d5 e6 8. Ng3 h5 9. Be2 exd5 10. cxd5 a6 11. a4 Nbd7 12. Bg5 Qb6 13. Qd2 Nh7 14. a5 Qc7 15. Bh6 Qd8 16. Bxg7 Kxg7 17. O-O h4 18. Nh1 f5 19. exf5 gxf5 20. Nf2 Qf6 21. f4 b5 22. Bf3 c4 23. Ne2 Nc5 24. Nd4 Bd7 25. Qc3 Rac8 26. Rad1 Na4 27. Qb4 Rfe8 28. Rd2 Nf8 29. Nh3 Re3 30. Kf2 Ree8 31. Ng5 Nxb2 0-1

[Event "Czech Open GM 2019"]
[Site "Pardubice"]
[Date "2019.07.19"]
[Round "1.19"]
[White "Krejca, Jakub"]
[Black "Schmidek, Emil"]
[Result "0-1"]
[WhiteElo "2150"]
[BlackElo "2391"]
[Annotator "NA"]
[PlyCount "70"]
[EventDate "2019.07.19"]
[EventType "swiss"]
[EventCountry "CZE"]
[SourceTitle "playchess.com"]
[Source "ChessBase"]
[SourceQuality "1"]

1. e4 e5 2. Nf3 Nc6 3. Bc4 Nf6 4. d3 Be7 5. O-O O-O 6. Re1 d6 7. a4 Kh8 8. c3 Ng8 9. d4 f5 10. dxe5 fxe4 11. Rxe4 Rxf3 12. gxf3 Bf5 13. Rf4 dxe5 14. Qxd8 Rxd8 15. Rxf5 Rd1+ 16. Kg2 Rxc1 17. Rh5 g6 18. Rh3 Nf6 19. b4 Kg7 20. b5 Na5 21. Be6 b6 22. f4 exf4 23. Rd3 Nb7 24. Rd2 Nc5 25. Bc4 Nce4 26. Rda2 Bc5 27. Nd2 Rxa1 28. Rxa1 Nxd2 29. Bd3 f3+ 30. Kg3 Nh5+ 31. Kg4 Bxf2 32. Rd1 Be3 33. Re1 Nf6+ 34. Kg3 Nfe4+ 35. Bxe4 f2 0-1

[Event "Czech Open GM 2019"]
[Site "Pardubice"]
[Date "2019.07.19"]
[Round "1.20"]
[White "Matviishen, Viktor"]
[Black "Frohberg, Marco"]
[Result "1-0"]
[WhiteElo "2495"]
[BlackElo "2227"]
[Annotator "ChessBase"]
[PlyCount "49"]
[EventDate "2019.07.19"]
[EventType "swiss"]
[EventCountry "CZE"]
[SourceTitle "playchess.com"]
[Source "ChessBase"]
[SourceQuality "1"]

1. d4 f5 2. g3 Nf6 3. Bg2 d5 4. Nf3 e6 5. c4 c6 6. Nc3 Bd6 7. O-O O-O 8. Rb1 Ne4 9. Qc2 Nxc3 10. bxc3 Nd7 11. cxd5 exd5 12. c4 Nf6 13. cxd5 Nxd5 14. Ne5 Bxe5 15. dxe5 Rf7 16. e4 fxe4 17. Bxe4 g6 18. e6 Bxe6 19. Bxg6 Qf6 20. Bxf7+ Qxf7 21. Qd2 b6 22. Bb2 Qg6 23. Qd4 Rf8 24. f4 h5 25. Rbe1 1-0

[Event "Czech Open GM 2019"]
[Site "Pardubice"]
[Date "2019.07.19"]
[Round "1.20"]
[White "Sarkar, Justin"]
[Black "Furman, Boris"]
[Result "1/2-1/2"]
[WhiteElo "2389"]
[BlackElo "2149"]
[Annotator "NA"]
[PlyCount "106"]
[EventDate "2019.07.19"]
[EventType "swiss"]
[EventCountry "CZE"]
[SourceTitle "playchess.com"]
[Source "ChessBase"]
[SourceQuality "1"]

1. d4 Nf6 2. c4 e6 3. Nc3 Bb4 4. e3 d5 5. a3 Bd6 6. Nf3 O-O 7. Bd3 dxc4 8. Bxc4 Nc6 9. e4 e5 10. d5 Ne7 11. O-O a6 12. Re1 b5 13. Bf1 Bd7 14. b4 Ng6 15. Nd2 Ng4 16. h3 Nh6 17. Nb3 Qe7 18. Qh5 Kh8 19. Bg5 f6 20. Bxh6 gxh6 21. Qxh6 Rg8 22. g3 Nf4 23. Qh4 Rg5 24. g4 Rag8 25. f3 f5 26. Kf2 fxg4 27. hxg4 Qf6 28. Ke3 Rf8 29. Ra2 Nxd5+ 30. exd5 Qxf3+ 31. Kd2 Rxg4 32. Qh6 e4 33. Kc2 Be5 34. Qd2 Bf5 35. Kb2 Rg3 36. Nd4 Qg4 37. Re3 Qf4 38. Nd1 Bg4 39. Be2 Rg2 40. Nc3 Qf6 41. Rxe4 Bxd4 42. Qxd4 Qxd4 43. Rxd4 Bxe2 44. Rd2 Bf3 45. Kb3 Rxd2 46. Rxd2 Rf6 47. a4 Rd6 48. axb5 axb5 49. Nxb5 Rxd5 50. Rf2 Rxb5 51. Rxf3 c5 52. Kc4 Rxb4+ 53. Kxc5 Re4 1/2-1/2

[Event "Czech Open GM 2019"]
[Site "Pardubice"]
[Date "2019.07.19"]
[Round "1.21"]
[White "Grabinsky, Vladimir"]
[Black "Simacek, Pavel"]
[Result "0-1"]
[WhiteElo "2226"]
[BlackElo "2490"]
[Annotator "ChessBase"]
[PlyCount "38"]
[EventDate "2019.07.19"]
[EventType "swiss"]
[EventCountry "CZE"]
[SourceTitle "playchess.com"]
[Source "ChessBase"]
[SourceQuality "1"]

1. e4 e5 2. Nf3 Nc6 3. d4 exd4 4. c3 d5 5. exd5 Qxd5 6. cxd4 Bg4 7. Be2 O-O-O 8. Be3 Bb4+ 9. Nc3 Nf6 10. O-O Qd7 11. Qa4 Bxc3 12. bxc3 Nd5 13. Qb3 Nb6 14. a4 Be6 15. c4 Bxc4 16. Bxc4 Na5 17. Ne5 Nxb3 18. Nxd7 Nxc4 19. Rab1 Nbd2 0-1

[Event "Czech Open GM 2019"]
[Site "Pardubice"]
[Date "2019.07.19"]
[Round "1.21"]
[White "Sucikova, Svetlana"]
[Black "Yagupov, Igor"]
[Result "0-1"]
[WhiteElo "2148"]
[BlackElo "2385"]
[Annotator "NA"]
[PlyCount "78"]
[EventDate "2019.07.19"]
[EventType "swiss"]
[EventCountry "CZE"]
[SourceTitle "playchess.com"]
[Source "ChessBase"]
[SourceQuality "1"]

1. e3 Nf6 2. Nf3 g6 3. c4 Bg7 4. Nc3 O-O 5. Be2 c5 6. d4 cxd4 7. Nxd4 d6 8. O-O Nbd7 9. b3 Nc5 10. Bb2 Qb6 11. Bf3 Bd7 12. Re1 Rfc8 13. e4 e6 14. Qd2 Rd8 15. Rad1 a6 16. Qg5 Be8 17. Nc2 Nfd7 18. Kh1 Ne5 19. Be2 Nc6 20. f3 Nxb3 21. Ne3 Nba5 22. Na4 Qb4 23. Bxg7 Kxg7 24. Ng4 Kf8 25. Qh6+ Ke7 26. Qg5+ Kd7 27. Nc5+ Kc7 28. Nd3 Qa3 29. Nf4 Rac8 30. Rb1 Kb8 31. Qf6 Qc5 32. Qc3 h5 33. Nf6 Qe5 34. Rec1 Qxf4 35. c5 Qe5 36. Qd3 Qxf6 37. Qxa6 Rc7 38. Rb6 dxc5 39. Rcb1 Rd2 0-1

[Event "Czech Open GM 2019"]
[Site "Pardubice"]
[Date "2019.07.19"]
[Round "1.22"]
[White "Kraus, Tomas"]
[Black "Jedlicka, Ales"]
[Result "1-0"]
[WhiteElo "2486"]
[BlackElo "2226"]
[Annotator "ChessBase"]
[PlyCount "79"]
[EventDate "2019.07.19"]
[EventType "swiss"]
[EventCountry "CZE"]
[SourceTitle "playchess.com"]
[Source "ChessBase"]
[SourceQuality "1"]

1. e4 c5 2. Nc3 Nc6 3. Bb5 g6 4. Bxc6 dxc6 5. d3 Bg7 6. f4 c4 7. Nf3 cxd3 8. cxd3 Nf6 9. O-O O-O 10. h3 b6 11. d4 Ba6 12. Re1 Qc7 13. Be3 Rad8 14. Rc1 Qb7 15. b4 Ne8 16. Qb3 Nd6 17. Bf2 Bc4 18. Qc2 f6 19. Rcd1 Bf7 20. e5 Nc4 21. e6 Be8 22. a4 Nd6 23. Qb3 Bh6 24. Bg3 Rc8 25. Rb1 Qa6 26. Rec1 Nf5 27. Bh2 c5 28. b5 Qb7 29. dxc5 Rxc5 30. Ne2 Rxc1+ 31. Rxc1 Qe4 32. Kf2 g5 33. g4 Nh4 34. Nxh4 gxh4 35. Qc4 Qa8 36. Nd4 Bg6 37. Nc6 Qb7 38. Rd1 f5 39. Rd7 Qa8 40. Nxe7+ 1-0